| 000 | 00413nam a2200157Ia 4500 | ||
|---|---|---|---|
| 008 | 230312s9999||||xx |||||||||||||| ||und|| | ||
| 020 | _a007471439-2 | ||
| 082 |
_a658.15 _bPEI-B |
||
| 100 | _aPeirson Graham | ||
| 245 | 0 | _aBusiness Finance | |
| 260 |
_bMcGraw Hill _aAustralia _c2002 |
||
| 300 | _a902 | ||
| 546 | _aEng. | ||
| 650 |
_aAccounting _vIntroduction , Capital market , Futures contracts , |
||
| 942 | _cBK | ||
| 999 |
_c740 _d740 |
||